| 000 | 00411cam a2200169ua 4500 | ||
|---|---|---|---|
| 020 | _c2.50 | ||
| 041 |
_aeng _h |
||
| 082 |
_a922 _bBEH/MI |
||
| 100 | _aBehari, Bankey . | ||
| 245 |
_aMinisterl of God, Part 2 / _cBankey Behari. _hTextual Documents |
||
| 260 |
_aMumbai : _bBharatiya Vidya Bhavan , _c1956. |
||
| 300 | _a342 ; . | ||
| 365 | _a2.50 | ||
| 504 | _a | ||
| 942 | _cBK | ||
| 999 |
_c6279 _d6279 |
||